| 000 | 00842pam a2200241 a 4500 | ||
|---|---|---|---|
| 001 | 708969 | ||
| 005 | 20201128013522.0 | ||
| 008 | 970606s1998 maua b 001 0 eng | ||
| 010 | _a 97023748 | ||
| 020 | _a9781844804528 | ||
| 040 |
_aDLC _cDLC _dDLC |
||
| 050 | 0 | 0 |
_aQA76.9.D3 _bR237 1998 |
| 082 | 0 | 0 |
_a005.74 _221 _bWAR |
| 100 | 1 |
_aWard, Patricia _92106 |
|
| 245 | 1 | 0 |
_aDatabase management systems / _cPatricia Ward & George Dafoulas |
| 260 |
_aLondon : _bThomson, _c2006 |
||
| 300 |
_a334 p. : _bill. ; _c25 cm. |
||
| 504 | _aIncludes bibliographical references (p. 329-330) and index. | ||
| 650 | 0 | _aDatabase management. | |
| 700 |
_92107 _aDafoulas, George |
||
| 942 |
_2ddc _cBB |
||
| 999 |
_c10817 _d10817 |
||